Statistics for Capitals of Oceania Quiz

Click here to take the quiz!

General Stats

  • This quiz has been taken 188,759 times
    (188,757 since last reset)
  • The average score is 8 of 14

Answers on the Map

Answers color-coded by a green-red scale on the quiz's map according to % correct below.
 

Answer Stats

CountryCapital% Correct
AustraliaCanberra
98%
New ZealandWellington
94%
Papua New GuineaPort Moresby
73%
FijiSuva
70%
SamoaApia
60%
VanuatuPort Vila
56%
TuvaluFunafuti
54%
TongaNuku'alofa
50%
KiribatiSouth Tarawa
50%
NauruYaren
50%
Solomon IslandsHoniara
49%
F. S. MicronesiaPalikir
48%
PalauNgerulmud
46%
Marshall IslandsMajuro
45%

Score Distribution

Percentile by Number Answered

Percent of People with Each Score

Your Score History

You have not taken this quiz since the last reset